Historias de Franz /

Franz es un niño tan normal como tú. Lo malo es que a veces lo confunden con una niña, pero Franz sabe hacer valer sus derechos. El Día de la Madre se acerca y Franz le prepara a su mamá un regalo muy, muy especial.

Guardado en:
Autor Principal: Nöstlinger, Christine.
Otros Autores: Balzola, Asun; il.
Formato: Libro
Idioma:Undetermined
Publicado: Madrid : SM, 1989.
Edición:6a ed.
Series:El barco de vapor
Materias:
Etiquetas: Agregar Etiqueta
Sin Etiquetas, Sea el primero en etiquetar este registro!
LEADER 01010nam a22002415a 4500
001 CEM.cems020458
008 230918s1989####sp############000#0#und#d
005 20230918154554.0
245 1 0 |a Historias de Franz /  |c Christine Nöstlinger ; ilustrado y traducido por Asun Balzola. 
250 |a 6a ed. 
260 |a Madrid :  |b SM,  |c 1989. 
300 |a 76 p. 
490 1 |a El barco de vapor 
500 |a A partir de 7 años. 
520 |a Franz es un niño tan normal como tú. Lo malo es que a veces lo confunden con una niña, pero Franz sabe hacer valer sus derechos. El Día de la Madre se acerca y Franz le prepara a su mamá un regalo muy, muy especial. 
020 |a 8434819287 
100 1 |a Nöstlinger, Christine. 
700 1 |a Balzola, Asun; il. 
653 |a Literatura infantil y juvenil 
653 |a Novela infantil 
653 |a Literatura austríaca 
859 |a CEMS  |b BIB. CEMS - Inicial y Primaria  |h 839  |i N842-11  |k IP  |p 518  |t Ej.1 
859 |a CEMS  |b BIB. CEMS - Inicial y Primaria  |h 839  |i N842-11  |k IP  |p 2042  |t Ej.2